[Event "FIDE Online Olympiad"]
[Site "Chess.com"]
[Date "2020.08.16"]
[EventDate "2020.08.14"]
[Round "9"]
[Result "1-0"]
[White "Bart Michiels"]
[Black "Andrei Maznitsin"]
[WhiteElo "2550"]
[BlackElo "2288"]
[PlyCount "91"]

1. c4 e6 2. Nc3 d5 3. d4 Nf6 4. cxd5 exd5 5. Bg5 Be7 6. e3 O-O
7. Bd3 c6 8. Qc2 Nbd7 9. Nf3 Re8 10. h3 Nf8 11. O-O Ng6
12. Ne5 Nh5 13. Bxe7 Qxe7 14. Nf3 Nf6 15. Rab1 Ne4 16. b4 Nh4
17. Bxe4 dxe4 18. Nxh4 Qxh4 19. Ne2 Bd7 20. Ng3 Re6 21. Rfd1
Rc8 22. Rbc1 h6 23. Qe2 a6 24. Rc5 Rg6 25. Qh5 Qe7 26. a3 Rg5
27. Qh4 Re8 28. Qf4 b6 29. Rxg5 hxg5 30. Qc7 b5 31. d5 Rc8
32. Qb7 Qe8 33. d6 Rd8 34. Qb6 f5 35. Qc5 Qe6 36. Rd4 Re8
37. Qa7 Rd8 38. Qxa6 f4 39. Nxe4 fxe3 40. fxe3 Qe5 41. Qb7 g4
42. hxg4 Qe6 43. Qb6 Rf8 44. Qc5 Qxg4 45. Nf6+ Rxf6 46. Rxg4
1-0

[Event "FIDE Online Olympiad"]
[Site "Chess.com"]
[Date "2020.08.16"]
[EventDate "2020.08.14"]
[Round "9"]
[Result "1-0"]
[White "Nurai Sovetbekova"]
[Black "Diana Musabayeva"]
[WhiteElo "1511"]
[BlackElo "1517"]
[PlyCount "75"]

1. d4 Nf6 2. c4 e6 3. Nf3 Bb4+ 4. Bd2 Qe7 5. g3 O-O 6. Bg2
Bxd2+ 7. Nbxd2 d6 8. O-O e5 9. e4 Bg4 10. Qc2 Nc6 11. d5 Nb8
12. h3 Bc8 13. Ne1 Nbd7 14. Nd3 b6 15. b4 Bb7 16. Rac1 a5
17. c5 bxc5 18. bxc5 Ba6 19. Nc4 Nxc5 20. Nxc5 dxc5 21. Rfe1
Bb5 22. Na3 Ba6 23. Qxc5 Qxc5 24. Rxc5 Rfc8 25. Rec1 Ne8
26. Bf1 Bxf1 27. Kxf1 Rcb8 28. Nb5 Rb7 29. Nxc7 Nxc7 30. Rxc7
Rxc7 31. Rxc7 f6 32. Ke2 Rb8 33. Rc2 Rb4 34. f3 Rd4 35. Rd2
Ra4 36. d6 Kf7 37. d7 Ke7 38. d8=Q+ 1-0

[Event "FIDE Online Olympiad"]
[Site "Chess.com"]
[Date "2020.08.16"]
[EventDate "2020.08.14"]
[Round "9"]
[Result "1-0"]
[White "Yana Ilyuchyk"]
[Black "Thu Giang Nguyen"]
[WhiteElo "2071"]
[BlackElo "2119"]
[PlyCount "113"]

1. e4 Nf6 2. e5 Nd5 3. d4 d6 4. Nf3 Bg4 5. Be2 e6 6. O-O Be7
7. c4 Nb6 8. h3 Bh5 9. Nc3 O-O 10. Be3 Nc6 11. exd6 cxd6
12. b3 d5 13. c5 Nd7 14. a3 b6 15. b4 bxc5 16. bxc5 Qa5
17. Qd2 Bf6 18. g4 Bg6 19. g5 Be7 20. Bb5 Qc7 21. Bf4 Qc8
22. Rfe1 Re8 23. Rac1 a6 24. Ba4 Bf5 25. Kh2 Qb7 26. Nh4 Bg6
27. Nxg6 hxg6 28. Rb1 Qc8 29. h4 Na5 30. Qb2 Ra7 31. Qb4 Nc6
32. Bxc6 Qxc6 33. Qa4 Qxa4 34. Nxa4 Rc8 35. Nb6 Nxb6 36. Rxb6
Bd8 37. Rb3 Kf8 38. Kg3 Ke8 39. Reb1 Bc7 40. Rb7 Bxf4+
41. Kxf4 Rc7 42. Rb8+ Ke7 43. R1b6 f6 44. gxf6+ gxf6 45. Rh8
g5+ 46. hxg5 fxg5+ 47. Ke5 Kf7 48. Rh7+ Kg6 49. Rxc7 Rxc7
50. Rxe6+ Kh5 51. Kxd5 Rf7 52. Re2 Kg4 53. c6 Kf3 54. Rc2 Rc7
55. Kd6 Rc8 56. Kd7 Rh8 57. c7 1-0

[Event "FIDE Online Olympiad"]
[Site "Chess.com"]
[Date "2020.08.16"]
[EventDate "2020.08.14"]
[Round "9"]
[Result "1-0"]
[White "Temur Kuybokarov"]
[Black "Denis Lazavik"]
[WhiteElo "2134"]
[BlackElo "2324"]
[PlyCount "119"]

1. e4 e5 2. Nf3 Nc6 3. Bb5 a6 4. Ba4 Nf6 5. O-O Be7 6. d3 b5
7. Bb3 d6 8. a3 O-O 9. Nc3 Bg4 10. Be3 Nd4 11. Bxd4 exd4
12. Nd5 Nd7 13. h3 Bxf3 14. Qxf3 c6 15. Nxe7+ Qxe7 16. Qg3 a5
17. f4 Nc5 18. Ba2 Na4 19. Rab1 b4 20. Bb3 Nc5 21. Bc4 Rad8
22. Rbe1 Na4 23. axb4 Nxb2 24. Bb3 a4 25. Ba2 Rb8 26. e5 Kh8
27. f5 dxe5 28. Rxe5 Qf6 29. Rc5 a3 30. Qc7 Rbc8 31. Qa7 Ra8
32. Qb7 Rab8 33. Qa6 Ra8 34. Qb7 Rab8 35. Qd7 Rbc8 36. b5 Rfd8
37. Qb7 Rb8 38. Qxc6 Na4 39. Qxf6 gxf6 40. Rc6 Rxb5 41. Ra6
Nc3 42. Bxf7 Rb2 43. Rxa3 Rxc2 44. Bc4 Re2 45. Ra7 Rf8
46. Rfa1 Re5 47. Ra8 Rxa8 48. Rxa8+ Kg7 49. Rg8+ Kh6 50. g4
Re7 51. Kf2 Re2+ 52. Kg3 Re3+ 53. Kh4 Nd1 54. Rf8 Nf2
55. Rxf6+ Kg7 56. Rf7+ Kh8 57. Kg5 Nxh3+ 58. Kh6 Kg8 59. f6
Ng5 60. Rg7+ 1-0

[Event "FIDE Online Olympiad"]
[Site "Chess.com"]
[Date "2020.08.16"]
[EventDate "2020.08.14"]
[Round "9"]
[Result "1-0"]
[White "Kseniya Zeliantsova"]
[Black "Cassandra Lim"]
[WhiteElo "1923"]
[BlackElo "1493"]
[PlyCount "79"]

1. e4 e6 2. d4 d5 3. Nc3 Bb4 4. a3 Bxc3+ 5. bxc3 dxe4 6. Qg4
Nf6 7. Qxg7 Rg8 8. Qh6 Rg6 9. Qe3 Nc6 10. Ne2 Ne7 11. Nf4 Rg8
12. Bb2 Nf5 13. Qd2 Qd6 14. O-O-O b6 15. g3 Bb7 16. Bg2 O-O-O
17. c4 Kb8 18. Rhe1 Qe7 19. Qc3 Rge8 20. h3 Nd6 21. c5 Nb5
22. Qc4 a6 23. c6 Nd6 24. Qa4 Bc8 25. d5 e5 26. Ne2 Nb5 27. c4
Nd6 28. Nc3 Ka7 29. Kb1 Bf5 30. Ka1 Ra8 31. g4 Bg6 32. g5 Nh5
33. Bxe4 Qxg5 34. c5 Nc8 35. Bxg6 hxg6 36. d6 cxd6 37. Nb5+
Kb8 38. c7+ Kb7 39. Qe4+ d5 40. Qxd5# 1-0

[Event "FIDE Online Olympiad"]
[Site "Chess.com"]
[Date "2020.08.16"]
[EventDate "2020.08.14"]
[Round "9"]
[Result "1-0"]
[White "Tsvetan Stoyanov"]
[Black "Rasmus Svane"]
[WhiteElo "2039"]
[BlackElo "2644"]
[PlyCount "113"]

1. e4 c6 2. c4 d5 3. exd5 cxd5 4. cxd5 Nf6 5. Bb5+ Nbd7 6. Nf3
a6 7. Ba4 g6 8. O-O Nxd5 9. Nc3 Nb6 10. Bb3 Nc5 11. Bxf7+ Kxf7
12. d4 Ne6 13. Qb3 Kg7 14. Re1 Qd6 15. Be3 Nd7 16. Ne4 Qb6
17. Qd3 Qb5 18. Qd2 Nf6 19. Nc3 Qh5 20. d5 Nd8 21. Bd4 Nf7
22. Ne4 Bg4 23. Ng3 Qh6 24. Be3 g5 25. Nxg5 Nxg5 26. Bxg5 Qg6
27. h3 Bd7 28. d6 h6 29. Bh4 exd6 30. Bxf6+ Kxf6 31. Qd4+ Kf7
32. Qxh8 Bc6 33. Qd4 Bg7 34. Qc4+ d5 35. Qf4+ Kg8 36. Nf5 Kh8
37. Re3 Rf8 38. Ne7 Qf6 39. Qxf6 Rxf6 40. Rd1 Rd6 41. Nf5 Rf6
42. Nxg7 Kxg7 43. Rd4 Rd6 44. g4 Kf6 45. Kg2 Bd7 46. Kg3 Be6
47. h4 Rd8 48. Kf4 Rg8 49. g5+ hxg5+ 50. hxg5+ Kf7 51. Rg3 Kg6
52. Ke5 Bf7 53. Rf4 Re8+ 54. Kd4 Kg7 55. g6 Bg8 56. Re3 Rb8
57. Rg4 1-0

[Event "FIDE Online Olympiad"]
[Site "Chess.com"]
[Date "2020.08.16"]
[EventDate "2020.08.14"]
[Round "9"]
[Result "1-0"]
[White "Antoaneta Stefanova"]
[Black "Lara Schulze"]
[WhiteElo "2461"]
[BlackElo "2125"]
[PlyCount "55"]

1. d4 Nf6 2. Nf3 e6 3. e3 d5 4. Nbd2 c5 5. b3 Nc6 6. Bb2 Bd6
7. c4 cxd4 8. exd4 O-O 9. Bd3 b6 10. O-O Bb7 11. Re1 Rc8
12. Rc1 Bf4 13. Bb1 dxc4 14. bxc4 Na5 15. Ne5 Nd7 16. Nxd7
Qxd7 17. Bd3 Ba6 18. Rc3 h6 19. c5 Bxd3 20. Rxd3 bxc5 21. Ne4
c4 22. Rf3 Bb8 23. Bc3 Nc6 24. Rh3 Ne7 25. Rxh6 gxh6 26. Nf6+
Kh8 27. Nxd7 Rg8 28. d5+ 1-0

[Event "FIDE Online Olympiad"]
[Site "Chess.com"]
[Date "2020.08.16"]
[EventDate "2020.08.14"]
[Round "9"]
[Result "1-0"]
[White "Novendra Priasmoro"]
[Black "Taibur Rahman"]
[WhiteElo "2312"]
[BlackElo "2270"]
[PlyCount "59"]

1. e4 c5 2. Nf3 Nf6 3. e5 Nd5 4. Nc3 e6 5. Nxd5 exd5 6. d4 Nc6
7. dxc5 Bxc5 8. Bd3 d6 9. exd6 Qxd6 10. O-O O-O 11. h3 h6
12. Kh1 Bb6 13. Nh2 Ne5 14. Be2 Bf5 15. Bf4 Qe6 16. Bg3 Nc6
17. Bg4 Rfe8 18. Qd2 Bxg4 19. Nxg4 Qe2 20. Rad1 Rad8 21. a3
Qb5 22. Bh4 Rd6 23. b3 Qa5 24. Qf4 Bc7 25. Qf3 Qxa3 26. Bg3
Rd7 27. Nf6+ gxf6 28. Qg4+ Kf8 29. Qxd7 Qe7 30. Qxc7 1-0

[Event "FIDE Online Olympiad"]
[Site "Chess.com"]
[Date "2020.08.16"]
[EventDate "2020.08.14"]
[Round "9"]
[Result "1-0"]
[White "Medina Warda Aulia"]
[Black "Samiha Shimmi Sharmin"]
[WhiteElo "2344"]
[BlackElo "1852"]
[PlyCount "71"]

1. e4 d5 2. exd5 Qxd5 3. d4 Nc6 4. Nf3 Bg4 5. Be2 O-O-O 6. c4
Qh5 7. d5 e6 8. Nc3 Nf6 9. Ng5 h6 10. Bxg4 Nxg4 11. Nxf7 Qxf7
12. Qxg4 h5 13. Qxe6+ Qxe6+ 14. dxe6 Nd4 15. O-O Nxe6 16. Be3
Bc5 17. Bxc5 Nxc5 18. Rad1 Nd3 19. Rd2 Nf4 20. Rfd1 Rxd2
21. Rxd2 Re8 22. Kf1 c6 23. g3 Ng6 24. f4 Kc7 25. Kf2 Rf8
26. Kg2 a6 27. Ne4 Rf7 28. b3 h4 29. Kh3 hxg3 30. hxg3 Ne7
31. Nd6 Rf8 32. Kg4 b6 33. Ne4 Nf5 34. Ng5 Nh6+ 35. Kh5 Rf5
36. Kg6 1-0

[Event "FIDE Online Olympiad"]
[Site "Chess.com"]
[Date "2020.08.16"]
[EventDate "2020.08.14"]
[Round "9"]
[Result "1-0"]
[White "Ummi Fisabilillah"]
[Black "Anjum Noshin"]
[WhiteElo "2182"]
[BlackElo "1676"]
[PlyCount "97"]

1. e4 e5 2. Nf3 Nc6 3. Bc4 Bc5 4. O-O d6 5. h3 Nf6 6. d3 h6
7. c3 a6 8. Bb3 Ba7 9. Nbd2 g5 10. Nh2 g4 11. hxg4 Rg8 12. Qf3
Qe7 13. Nc4 Nxg4 14. Ne3 Nf6 15. Bd2 Be6 16. Nf5 Bxf5 17. Qxf5
Rg6 18. Kh1 Qd7 19. Qxd7+ Nxd7 20. Nf3 Rf6 21. Kg1 O-O-O
22. Nh4 Nc5 23. Bc2 Rg8 24. Nf5 h5 25. Be3 Rg4 26. f3 Rg8
27. b4 Rfg6 28. Rf2 Ne6 29. Bxa7 Nxa7 30. Ne7+ Kd7 31. Nxg8
Rxg8 32. a4 h4 33. Kh2 Nf4 34. Rg1 Rg3 35. Rd2 Ke7 36. d4 exd4
37. cxd4 Nc6 38. b5 Nd8 39. bxa6 bxa6 40. Bd3 Nde6 41. Bxa6
Ng5 42. Rc1 Nh5 43. Rxc7+ Kf6 44. e5+ dxe5 45. dxe5+ Kxe5
46. Rc5+ Kf6 47. Bb7 Nf4 48. a5 Nfe6 49. Rc4 1-0

[Event "FIDE Online Olympiad"]
[Site "Chess.com"]
[Date "2020.08.16"]
[EventDate "2020.08.14"]
[Round "9"]
[Result "1-0"]
[White "Jerlyn Mae San Diego"]
[Black "Ogulsuray Bayrambayeva"]
[WhiteElo "1670"]
[BlackElo "1865"]
[PlyCount "135"]

1. e4 e6 2. d4 d5 3. Nc3 dxe4 4. Nxe4 Nd7 5. Bd3 Ngf6 6. Nf3
Be7 7. Ng3 b6 8. O-O Bb7 9. Re1 O-O 10. c3 c5 11. Be3 Rc8
12. Qe2 Nd5 13. Rad1 cxd4 14. Nxd4 Nxe3 15. fxe3 Nc5 16. Bb1
Qc7 17. b4 Ba6 18. Qc2 Bd3 19. Rxd3 Nxd3 20. Qxd3 g6 21. Nge2
Rfd8 22. Qe4 Bf6 23. Rc1 e5 24. Nb5 Qd7 25. c4 Qd2 26. Nbc3
Bg5 27. Kf2 Qb2 28. Nd5 f5 29. Qd3 e4 30. Qc3 Qxc3 31. Rxc3
Kf7 32. Bc2 Bh6 33. Bb3 Bg7 34. Rc2 g5 35. c5 Ke8 36. c6 Be5
37. c7 Rd6 38. a4 h5 39. a5 bxa5 40. bxa5 f4 41. exf4 gxf4
42. Nexf4 Bd4+ 43. Ke2 h4 44. Rc4 Bg7 45. Rxe4+ Kf8 46. Ne6+
Kf7 47. Nd8+ Kf8 48. Ba4 Rdxd8 49. cxd8=Q+ Rxd8 50. Nc7 Rb8
51. Ne6+ Kf7 52. Nxg7 Kxg7 53. Rg4+ Kf6 54. Rxh4 Rb2+ 55. Kf3
Ra2 56. Rf4+ Ke5 57. h4 Ra3+ 58. Kg4 Ra2 59. g3 Ra3 60. h5 Ra1
61. Bc2 Rh1 62. Rf5+ Ke6 63. Kg5 Rh3 64. g4 Rh2 65. Bb3+ Ke7
66. h6 Rh3 67. Rf7+ Ke8 68. h7 1-0

[Event "FIDE Online Olympiad"]
[Site "Chess.com"]
[Date "2020.08.16"]
[EventDate "2020.08.14"]
[Round "7"]
[Result "1-0"]
[White "Ghayda M Alattar"]
[Black "Kertu Karba"]
[WhiteElo "1950"]
[BlackElo "1086"]
[Source "Chess-Results"]
[PlyCount "59"]

1. d4 d5 2. Nc3 Nf6 3. Bg5 e6 4. e4 dxe4 5. Nxe4 Be7 6. Bxf6
Bxf6 7. Nf3 Nc6 8. c3 Bd7 9. Qd2 h6 10. Bd3 O-O 11. g4 Be7
12. g5 hxg5 13. Nexg5 g6 14. Rg1 Kg7 15. O-O-O Rg8 16. h4 Kf8
17. Qf4 Bf6 18. Ne4 Be7 19. Nfg5 f5 20. Nc5 Rb8 21. Ncxe6+ Ke8
22. Nxd8 Bxd8 23. Rde1+ Be7 24. Bc4 Kd8 25. Bxg8 b6 26. Be6
Bxe6 27. Nxe6+ Ke8 28. Qxc7 Nd8 29. Nxd8 Rxd8 30. Qxe7# 1-0

[Event "FIDE Online Olympiad"]
[Site "Chess.com"]
[Date "2020.08.16"]
[EventDate "2020.08.14"]
[Round "9"]
[Result "1-0"]
[White "Monika Seps"]
[Black "Kertu Karba"]
[WhiteElo "2213"]
[BlackElo "1086"]
[Source "Chess-Results"]
[PlyCount "43"]

1. d4 d5 2. Bf4 Nf6 3. e3 h6 4. Nf3 Bf5 5. Bd3 Bxd3 6. Qxd3 e6
7. O-O Be7 8. c4 dxc4 9. Qxc4 Nc6 10. Nc3 O-O 11. Rfd1 Bd6
12. Ne5 Nh5 13. Nxc6 bxc6 14. Be5 Qd7 15. Qe2 Nf6 16. Bxf6
gxf6 17. e4 Be7 18. Qh5 Kh7 19. Rd3 Qe8 20. Rh3 Rh8 21. Qxh6+
Kg8 22. Qxh8# 1-0

[Event "FIDE Online Olympiad"]
[Site "Chess.com"]
[Date "2020.08.16"]
[EventDate "2020.08.14"]
[Round "7"]
[Result "1-0"]
[White "Alan Pichot"]
[Black "Carlos S Matamoros Franco"]
[WhiteElo "2548"]
[BlackElo "2499"]
[Source "Chess-Results"]
[PlyCount "77"]

1. e4 c5 2. Nf3 Nc6 3. d4 cxd4 4. Nxd4 e5 5. Nb5 d6 6. N1c3 a6
7. Na3 Be7 8. Nc4 b5 9. Ne3 Nf6 10. g3 O-O 11. Bg2 b4 12. Ncd5
Nxd5 13. Nxd5 Bg5 14. Bxg5 Qxg5 15. O-O Rb8 16. f4 Qd8 17. f5
Ne7 18. Ne3 Qb6 19. Qd2 f6 20. g4 Bb7 21. h4 Rbd8 22. Kh2 Qd4
23. Rfd1 Qxb2 24. Rab1 Qxa2 25. Qxb4 Ba8 26. Ra1 a5 27. Qb6
Qf7 28. Rxa5 Nc8 29. Qb5 Na7 30. Qa4 Nc6 31. Rxa8 Rxa8
32. Qxc6 Qa7 33. Rd3 Rfd8 34. g5 fxg5 35. hxg5 Qe7 36. f6 gxf6
37. Nf5 Qd7 38. Qd5+ Kh8 39. g6 1-0

[Event "FIDE Online Olympiad"]
[Site "Chess.com"]
[Date "2020.08.16"]
[EventDate "2020.08.14"]
[Round "7"]
[Result "1-0"]
[White "Lucas Coro"]
[Black "Marlon Aspiazu Sibri"]
[WhiteElo "2021"]
[BlackElo "1957"]
[Source "Chess-Results"]
[PlyCount "73"]

1. e4 e6 2. d4 d5 3. Nd2 Be7 4. e5 c5 5. c3 Nc6 6. Ndf3 Qb6
7. Bd3 Bd7 8. Ne2 cxd4 9. cxd4 Bb4+ 10. Bd2 Bxd2+ 11. Qxd2 Qb4
12. h4 f6 13. Rc1 Qxd2+ 14. Kxd2 Nh6 15. exf6 gxf6 16. Nf4 Ng4
17. Rhe1 Kf7 18. Re2 Rae8 19. Bb5 a6 20. Ba4 Re7 21. Rce1 Rhe8
22. Nd3 b5 23. Bc2 e5 24. Bb3 exd4 25. Bxd5+ Kf8 26. Bxc6 Bxc6
27. Nxd4 Rxe2+ 28. Rxe2 Rxe2+ 29. Kxe2 Bxg2 30. f3 Ne5 31. Nf4
Bh1 32. b3 Kf7 33. Kf2 h6 34. a3 Kg7 35. Nh5+ Kg6 36. Ng3 Nd3+
37. Ke3 1-0

[Event "FIDE Online Olympiad"]
[Site "Chess.com"]
[Date "2020.08.16"]
[EventDate "2020.08.14"]
[Round "7"]
[Result "1-0"]
[White "Joshua Daniel Ruiz Castillo"]
[Black "Luis Fernando Ibarra Chami"]
[WhiteElo "2452"]
[BlackElo "2434"]
[Source "Chess-Results"]
[PlyCount "129"]

1. Nf3 Nf6 2. g3 g6 3. Bg2 Bg7 4. O-O O-O 5. c4 d5 6. cxd5
Nxd5 7. Nc3 Nb6 8. d3 Nc6 9. Be3 e5 10. Rc1 Nd4 11. Bxd4 exd4
12. Na4 Nxa4 13. Qxa4 c6 14. b4 Re8 15. Rfe1 Qb6 16. Nd2 a5
17. Rb1 Bg4 18. Nc4 Qc7 19. bxa5 Rxe2 20. Rxe2 Bxe2 21. Qb3
Re8 22. f3 Re6 23. Bh3 Rf6 24. Qxb7 Qxb7 25. Rxb7 c5 26. Rb8+
Bf8 27. Ne5 Ra6 28. Kf2 Bxd3 29. Nxd3 Rxa5 30. a4 c4 31. Nb2
c3 32. Nd3 Rxa4 33. Bf1 Ra2+ 34. Be2 Rd2 35. Ke1 Ra2 36. Rd8
Ra4 37. Bd1 Ra2 38. Rxd4 Rxh2 39. Rc4 Rh1+ 40. Ke2 Rh2+
41. Nf2 Bd6 42. f4 g5 43. Kf3 gxf4 44. gxf4 Rh6 45. Rxc3 Be7
46. Rc7 Bd6 47. Rc6 Kg7 48. Rc4 Be7 49. Bc2 Ra6 50. Rc7 Bd6
51. Rd7 Rb6 52. Ne4 Bb8 53. Ng5 Rf6 54. f5 h6 55. Ne6+ Kh7
56. Kg4 Be5 57. Bb3 Bc3 58. Nd8 Rb6 59. Bxf7 Rb4+ 60. Kh5 Bf6
61. Bd5+ Kh8 62. Nf7+ Kg8 63. Nxh6+ Kh8 64. Kg6 Rb6 65. Rh7#
1-0

[Event "FIDE Online Olympiad"]
[Site "Chess.com"]
[Date "2020.08.16"]
[EventDate "2020.08.14"]
[Round "7"]
[Result "1-0"]
[White "Melissa Castrillon Gomez"]
[Black "Zenia Corrales Jimenez"]
[WhiteElo "2150"]
[BlackElo "2176"]
[Source "Chess-Results"]
[PlyCount "127"]

1. e4 c5 2. Nf3 Nc6 3. Bb5 g6 4. c3 Bg7 5. d4 d5 6. dxc5 dxe4
7. Qxd8+ Kxd8 8. Bxc6 bxc6 9. Ng5 Ke8 10. Nxe4 f5 11. Ng3 Ba6
12. Nd2 Nf6 13. Nb3 e5 14. f3 f4 15. Ne4 Nxe4 16. fxe4 Bd3
17. Nd2 a5 18. b4 Kf7 19. a3 g5 20. Kf2 g4 21. Re1 h5 22. Nb3
a4 23. Na5 Rac8 24. Bb2 Rc7 25. Rad1 Rd8 26. Nc4 Rcd7 27. Nd6+
Rxd6 28. cxd6 Rxd6 29. c4 Ke6 30. c5 Rd7 31. Rd2 g3+ 32. Kg1
f3 33. hxg3 Bh6 34. Rdd1 fxg2 35. Kxg2 Bxe4+ 36. Kh2 Rxd1
37. Rxd1 Bd5 38. Re1 e4 39. Re2 Bg5 40. Kg1 Kf5 41. Kf2 e3+
42. Ke1 Ke4 43. Rh2 Bf7 44. Bc1 Kf3 45. Rc2 Bf6 46. Re2 Bd4
47. Bb2 Bc4 48. Rh2 Bxb2 49. Rxb2 Kxg3 50. b5 cxb5 51. c6 Be6
52. Rxb5 h4 53. Re5 Bc4 54. Rxe3+ Kf4 55. Rc3 Ba6 56. c7 Bc8
57. Rc4+ Kg3 58. Rc3+ Kg2 59. Rc2+ Kg3 60. Kf1 h3 61. Kg1 Bb7
62. Rc3+ Kg4 63. c8=Q+ Bxc8 64. Rxc8 1-0

[Event "FIDE Online Olympiad"]
[Site "Chess.com"]
[Date "2020.08.16"]
[EventDate "2020.08.14"]
[Round "7"]
[Result "1-0"]
[White "Nikola Djukic"]
[Black "Emmanuel Jimenez Garcia"]
[WhiteElo "2584"]
[BlackElo "2114"]
[Source "Chess-Results"]
[PlyCount "41"]

1. e4 b6 2. d4 Bb7 3. Bd3 Nf6 4. Qe2 Nc6 5. c3 g6 6. e5 Nd5
7. Nf3 Bg7 8. h4 h5 9. a3 e6 10. Bg5 Nde7 11. Nbd2 d5 12. O-O
Qd7 13. b4 a5 14. Bb5 O-O 15. g4 hxg4 16. Nh2 f5 17. exf6 Bxf6
18. Nxg4 Bg7 19. Rae1 axb4 20. axb4 Bc8 21. Bxe7 1-0

[Event "FIDE Online Olympiad"]
[Site "Chess.com"]
[Date "2020.08.16"]
[EventDate "2020.08.14"]
[Round "7"]
[Result "1-0"]
[White "Kristel Meliss Diaz Charpentier"]
[Black "Mateja Popovic"]
[WhiteElo "1498"]
[BlackElo "1610"]
[Source "Chess-Results"]
[PlyCount "39"]

1. Nf3 Nf6 2. b3 d5 3. Bb2 e6 4. c4 c6 5. g3 g6 6. Bg2 Bg7
7. O-O O-O 8. d3 Nbd7 9. Nbd2 Re8 10. Qc2 e5 11. cxd5 cxd5
12. e4 d4 13. Nc4 Qc7 14. Rfc1 b5 15. Ncxe5 Qxc2 16. Rxc2 Nxe5
17. Nxe5 Rxe5 18. Bxd4 Re6 19. e5 Rb8 20. Bxa7 1-0

[Event "FIDE Online Olympiad"]
[Site "Chess.com"]
[Date "2020.08.16"]
[EventDate "2020.08.14"]
[Round "7"]
[Result "1-0"]
[White "Jose Daniel Gemy"]
[Black "Declan Shafi"]
[WhiteElo "2316"]
[BlackElo "2166"]
[Source "Chess-Results"]
[PlyCount "65"]

1. e4 e5 2. Nf3 Nc6 3. Bc4 Bc5 4. c3 Nf6 5. d4 exd4 6. e5 d5
7. Bb5 Ne4 8. cxd4 Bb4+ 9. Bd2 Nxd2 10. Nbxd2 O-O 11. h3 Qe7
12. O-O Nd8 13. Nb3 Bf5 14. a3 c5 15. axb4 c4 16. Nc5 a6
17. b3 Rc8 18. bxc4 axb5 19. cxd5 b6 20. d6 Qe8 21. Na6 Rc4
22. Nc7 Qd7 23. Nd5 Qe6 24. Ne7+ Kh8 25. d5 Qd7 26. Nd4 Bg6
27. Nec6 Nxc6 28. dxc6 Rxc6 29. Nxc6 Qxc6 30. Qd4 f6 31. e6
Bf5 32. d7 Qc7 33. e7 1-0

[Event "FIDE Online Olympiad"]
[Site "Chess.com"]
[Date "2020.08.16"]
[EventDate "2020.08.14"]
[Round "7"]
[Result "1-0"]
[White "Petra Papp"]
[Black "Harriet Hunt"]
[WhiteElo "2297"]
[BlackElo "2391"]
[Source "Chess-Results"]
[PlyCount "75"]

1. e4 e5 2. Nf3 Nc6 3. Bb5 a6 4. Ba4 Nf6 5. O-O b5 6. Bb3 Bc5
7. c3 d6 8. Re1 O-O 9. d4 Bb6 10. Bg5 h6 11. Bh4 Qe7 12. a4
Rb8 13. d5 Na5 14. Bc2 Bd7 15. axb5 axb5 16. Nbd2 c6 17. Nf1
cxd5 18. exd5 Bd8 19. N1d2 g5 20. Nxg5 hxg5 21. Bxg5 Bg4
22. Qxg4 Nxg4 23. Bxe7 Bb6 24. Bxf8 Rxf8 25. Re2 f5 26. h3 Nh6
27. b4 Nc4 28. Nxc4 bxc4 29. Ra6 Rb8 30. Ba4 e4 31. Bd7 Kf7
32. Be6+ Kf6 33. Rea2 f4 34. Ra8 Rxa8 35. Rxa8 e3 36. fxe3
fxe3 37. Kf1 Ke5 38. Rh8 1-0

[Event "FIDE Online Olympiad"]
[Site "Chess.com"]
[Date "2020.08.16"]
[EventDate "2020.08.14"]
[Round "7"]
[Result "1-0"]
[White "Zsoka Gaal"]
[Black "Nadia Jaufarally"]
[WhiteElo "1816"]
[BlackElo "1613"]
[Source "Chess-Results"]
[PlyCount "69"]

1. Nf3 Nf6 2. c4 g6 3. Nc3 Bg7 4. e4 d6 5. d4 O-O 6. h3 e5
7. d5 a5 8. Be3 Na6 9. g4 Nd7 10. a3 Nb6 11. Nd2 f5 12. gxf5
gxf5 13. exf5 Bxf5 14. Nde4 Qd7 15. Rg1 Kh8 16. Bd3 Rae8
17. Qh5 Qf7 18. Qxf7 Rxf7 19. Bxb6 cxb6 20. Nxd6 Bxd3
21. Nxf7+ Kg8 22. Nd6 Rd8 23. Kd2 Bg6 24. Nde4 Nc5 25. Nxc5
bxc5 26. h4 Kh8 27. f3 Bf6 28. Rh1 h5 29. Ne4 Be7 30. Rag1 Kh7
31. Rg2 b5 32. Rhg1 Rg8 33. Ng5+ Bxg5+ 34. Rxg5 bxc4 35. Kc3
1-0

[Event "FIDE Online Olympiad"]
[Site "Chess.com"]
[Date "2020.08.16"]
[EventDate "2020.08.14"]
[Round "8"]
[Result "1-0"]
[White "Carlos S Matamoros Franco"]
[Black "Tamas Banusz"]
[WhiteElo "2499"]
[BlackElo "2614"]
[Source "Chess-Results"]
[PlyCount "65"]

1. c4 e5 2. g3 d5 3. cxd5 Qxd5 4. Nf3 Nc6 5. Nc3 Qd8 6. Bg2
Nf6 7. O-O h6 8. a3 Bd6 9. d4 exd4 10. Nxd4 Nxd4 11. Qxd4 Qe7
12. Bf4 Bxf4 13. Qxf4 O-O 14. e4 c6 15. h3 Re8 16. Rfe1 Nd7
17. Qe3 Qc5 18. Qxc5 Nxc5 19. b4 Nd3 20. Red1 Ne5 21. f4 Nc4
22. Kf2 Be6 23. Bf1 Nb6 24. a4 Rad8 25. a5 Nc8 26. f5 Bd7
27. Rd2 Kf8 28. Rad1 Ke7 29. g4 f6 30. b5 b6 31. a6 cxb5
32. Nd5+ Kf8 33. Nc7 1-0

[Event "FIDE Online Olympiad"]
[Site "Chess.com"]
[Date "2020.08.16"]
[EventDate "2020.08.14"]
[Round "8"]
[Result "1-0"]
[White "Benjamin Gledura"]
[Black "Miguel Munoz Sanchez"]
[WhiteElo "2619"]
[BlackElo "2276"]
[Source "Chess-Results"]
[PlyCount "73"]

1. d4 Nf6 2. Nf3 g6 3. g3 Bg7 4. c4 O-O 5. Bg2 c5 6. O-O cxd4
7. Nxd4 Nc6 8. Nc3 Qb6 9. Nc2 d6 10. b3 Bd7 11. Bb2 Rfc8
12. Ne3 a6 13. Ncd5 Nxd5 14. Nxd5 Qd8 15. Bxg7 Kxg7 16. Rc1
Be6 17. Qd2 Bxd5 18. Bxd5 e6 19. Bg2 Qa5 20. Rfd1 Rd8 21. Qb2+
Qe5 22. Rc3 Rd7 23. Qd2 Rad8 24. a3 a5 25. Re3 Qc5 26. Qb2+
Kg8 27. h3 b5 28. Rc3 b4 29. axb4 Nxb4 30. Qd2 Ra7 31. Ra1 Qe5
32. Ra4 d5 33. cxd5 Nxd5 34. Rd3 Rb8 35. Bxd5 exd5 36. Rxd5
Qe6 37. Rd8+ 1-0

[Event "FIDE Online Olympiad"]
[Site "Chess.com"]
[Date "2020.08.16"]
[EventDate "2020.08.14"]
[Round "8"]
[Result "1-0"]
[White "Carlos David Mendoza Criollo"]
[Black "Barnabas Persanyi"]
[WhiteElo "2058"]
[BlackElo "2019"]
[Source "Chess-Results"]
[PlyCount "41"]

1. d4 Nf6 2. c4 e6 3. Nc3 Bb4 4. Qc2 O-O 5. Bg5 c5 6. dxc5 Qa5
7. Bxf6 gxf6 8. e3 Bxc3+ 9. bxc3 Na6 10. Bd3 f5 11. g4 Nxc5
12. Ne2 Nxd3+ 13. Qxd3 d5 14. gxf5 dxc4 15. Qd4 f6 16. Qxc4
Qd5 17. Rg1+ Kf7 18. Qc7+ Qd7 19. fxe6+ Kxe6 20. Qc4+ Ke7
21. Rg7+ 1-0

[Event "FIDE Online Olympiad"]
[Site "Chess.com"]
[Date "2020.08.16"]
[EventDate "2020.08.14"]
[Round "8"]
[Result "1-0"]
[White "Dorina Demeter"]
[Black "Analia Karen Miranda Vargas"]
[WhiteElo "1885"]
[BlackElo "1520"]
[Source "Chess-Results"]
[PlyCount "73"]

1. Nf3 d5 2. d4 Nf6 3. c4 c6 4. Nc3 dxc4 5. a4 Bf5 6. e3 e6
7. Bxc4 Bb4 8. O-O O-O 9. Qe2 Nbd7 10. e4 Bg6 11. Bd3 c5
12. Rd1 Bh5 13. Na2 a5 14. Bg5 Qb6 15. e5 Nd5 16. Bb5 Nb8
17. Nxb4 cxb4 18. Rac1 Nc6 19. Bxc6 bxc6 20. Rc5 Rfc8 21. Rdc1
h6 22. Be3 Rc7 23. Qc4 Bxf3 24. gxf3 Rac8 25. Kh1 Ne7 26. Qc2
Nf5 27. d5 Nxe3 28. fxe3 exd5 29. Qf5 Qa6 30. Rg1 Qe2 31. Qf6
g6 32. e6 Kf8 33. Rxg6 Qe1+ 34. Rg1 Qxe3 35. e7+ Ke8 36. Rg8+
Kd7 37. Rd8+ 1-0

[Event "FIDE Online Olympiad"]
[Site "Chess.com"]
[Date "2020.08.16"]
[EventDate "2020.08.14"]
[Round "8"]
[Result "1-0"]
[White "David Howell"]
[Black "Pavel Vera"]
[WhiteElo "2624"]
[BlackElo "1579"]
[Source "Chess-Results"]
[PlyCount "83"]

1. c4 Nf6 2. Nc3 g6 3. g3 d5 4. cxd5 Nxd5 5. Bg2 Nxc3 6. bxc3
Bg7 7. Rb1 Nc6 8. h4 h5 9. Nf3 O-O 10. Ng5 Na5 11. Qa4 c6
12. Ba3 b5 13. Qc2 Bf5 14. d3 Qc7 15. O-O Rad8 16. Bc5 a6
17. a4 Nb7 18. Be3 e5 19. c4 Rc8 20. cxb5 cxb5 21. Qxc7 Rxc7
22. axb5 axb5 23. Rxb5 Nd6 24. Rd5 Nc8 25. Rb1 Be6 26. Nxe6
fxe6 27. Rc5 Re7 28. Rc6 Ree8 29. Bc5 Rf7 30. Rb8 Rd7
31. Rbxc8 Rxc8 32. Rxc8+ Kf7 33. Be4 Bh6 34. Kg2 Bg7 35. Bc6
Rd4 36. Rc7+ Kf6 37. Be8 g5 38. Bxh5 gxh4 39. gxh4 Rxh4
40. Be7+ Kf5 41. Bxh4 e4 42. dxe4+ 1-0